000 00665nam a2200181Ia 4500
008 100920s9999 xx 000 0 und d
082 _b60937
_a61 0
100 _a---
245 _aसमृध्दीचा मार्ग.
260 _bमुंबई सरकारच्या प्रसिध्दी खात्याकडून प्रकाशित.
_c0
300 _a23
_bसाधी
365 _b0
520 _aस्थानिक वाचन.
630 _aसमृध्दीचा मार्ग.
650 _aस्थानिक वाचन.
730 _aसमृध्दीचा मार्ग.
942 _cBOOK
999 _c704176
_d704173